LAW & PRACTICE OF THE UNITED NATIONS (Record no. 31856)

MARC details
000 -LEADER
fixed length control field 00273nam a22001217a 4500
003 - CONTROL NUMBER IDENTIFIER
control field SGT
082 ## - DEWEY DECIMAL CLASSIFICATION NUMBER
Classification number 340
Item number L08C
100 ## - MAIN ENTRY--PERSONAL NAME
Personal name CHESTMAN, SIMON
245 ## - TITLE STATEMENT
Title LAW & PRACTICE OF THE UNITED NATIONS
260 ## - PUBLICATION, DISTRIBUTION, ETC. (IMPRINT)
Name of publisher, distributor, etc OXFORD UNIVERSITY PRESS
Year of Publication 2008
300 ## - PAGE DESCRIPTION
No. of Pages 648
942 ## - ADDED ENTRY ELEMENTS (KOHA)
Source of classification or shelving scheme Dewey Decimal Classification
Koha item type Books
Holdings
Withdrawn status Lost status Source of classification or shelving scheme Damaged status Not for loan Home library Current library Shelving location Date acquired SGTU Total Checkouts Full call number Accession No. (Barcode) Date last seen Bill Date Koha item type
    Dewey Decimal Classification   Not For Loan SGT Chancellor's Library SGT Chancellor's Library Reference Book 03/07/2025 SGTU   340 L08C CH3863 03/07/2025 03/07/2025 Books